000 00766nam a2200253 i 4500
001 172955
003 ES-MaACL
005 20250710062737.0
007 t|
008 090918s1970 fr ||||1| fre d
080 _a81'342
080 _a811.133.1'342
100 1 _aMalmberg, Bertil.
_975832
245 1 3 _aLa phonétique /
_cpar Bertil Malmberg.
250 _a8e éd.
260 _aParis :
_bPresses Universitaires de France,
_c1970.
300 _a126, [2] p. :
_bil. ;
_c18 cm.
490 1 _aQue sais-je ? ;
_v637
650 4 _aFonética.
_912922
650 4 _aLengua francesa-
_xFonética.
_9141023
830 0 0 _aQue sais-je?
_v637
_9180931
852 4 _aES-MaACL
_jE-12995
_9R.139195
_z. - Biblioteca Jacinto Martínez Lacalle
999 _c172955
_d172955